Selektívne katalyzátory pre oxidáciu furfuralu v kvapalnej fáze
Salvato in:
| Autore principale: | |
|---|---|
| Altri autori: | |
| Natura: | Manoscritto Libro |
| Lingua: | slovacco |
| Pubblicazione: |
2015
|
| Soggetti: | |
| Accesso online: | http://is.stuba.sk/zp/portal_zp.pl?podrobnosti=113043 |
| Tags: |
Nessun Tag, puoi essere il primo ad aggiungerne!!
|
MARC
| LEADER | 00000ntm a22000003a 4500 | ||
|---|---|---|---|
| 001 | stuzp52342 | ||
| 003 | SK-STU | ||
| 005 | 20160719154136.3 | ||
| 007 | ta | ||
| 008 | 150427s2015----xo-----f-mn---000-0-slo-d | ||
| 040 | |a STU |b slo | ||
| 041 | 0 | |a slo | |
| 100 | 1 | |a Evin, Martin, |d 1989- |u 048130 |4 aut |U FCHPT Ústav organickej chémie, katalýzy a petrochémie |T FCHPT Oddelenie organickej technológie |X 68525 |U C8130 |Y 123 |7 A0000068525 | |
| 242 | 0 | 1 | |a Selective Catalysts for Oxidation of Furfural in the Liquid Phase |y eng |
| 245 | 1 | 0 | |a Selektívne katalyzátory pre oxidáciu furfuralu v kvapalnej fáze |
| 260 | |c 2015 | ||
| 650 | 4 | |a furfural |2 slo | |
| 650 | 4 | |a kyselina maleínová |2 slo | |
| 650 | 4 | |a katalyzátor |2 slo | |
| 650 | 4 | |a oxidácia |2 slo | |
| 650 | 4 | |a furfural |2 eng | |
| 650 | 4 | |a maleic acid |2 eng | |
| 650 | 4 | |a catalyst |2 eng | |
| 650 | 4 | |a oxidation |2 eng | |
| 700 | 1 | |a Soták, Tomáš, |d 1985- |4 ths |X 21140 |7 A000021140 | |
| 856 | 4 | |u http://is.stuba.sk/zp/portal_zp.pl?podrobnosti=113043 | |
| SQL | |a stuzp52342 |b DDP |c SLO |d Selektívne katalyzátory pre oxidáciu furfuralu v kvapalnej fáze |e 68525 |f Evin, Martin |g 048130 |h 21140 |i Soták, Tomáš |j 20150608 |k 117 |l 04 |m http://is.stuba.sk/zp/portal_zp.pl?podrobnosti=113043 |n I-CHTI |o 5.2.18. chemické technológie | ||